000 00370nam a2200145Ia 4500
008 230917s9999||||xx |||||||||||||| ||und||
040 _e118245
_aMAIN
041 _aEnglish
082 _a570 M779P
100 _aMunna Jagdish Chander
245 0 _aProtofera tatha seelentreta
260 _aChandigarh
_bHaryana Hindi Garnth
_c1974
300 _a308p. p.
942 _cBK
999 _c233231
_d233231